Statistiques concernant Personnages célèbres - Série 19

Cliquez ici pour prendre le quiz!

Statistiques générales

  • Ce quiz a été pris 129 fois
  • Le résultat moyen est 6 sur 15

Statistiques - réponses

Réponse% Correct
Charles Aznavour
97%
Richard Nixon
73%
Jean Louis Aubert
62%
Chimène Badi
61%
Guy Béart
51%
Charles Baudelaire
47%
Didier Barbelivien
45%
Fanny Ardant
42%
Fred Astaire
39%
Richard Anthony
34%
Ursula Andress
28%
Jean Hugues Anglade
28%
Arletty
21%
Richard Wagner
10%
Gillian Anderson
7%

Distribution des résultats

Percentile par nombre de réponses

% des personnes avec chaque résultat

Votre développement - résultats

Vous n’avez pas pris ce quiz